00717cam a22002292 4500001001100000005001700011008004100028020001500069040001500084100003000099245007400129250001300203260004300216300001100259650003400270700003300304852001300337908001100350950000600361999001500367952010500382000001222420151217145855.0090217s xx 000 0 eng d a0521521521 aKABUcKABU1 aJesson, Jill.@000016848310aStarter award in ICT :bnext steps /cJill Jesson and Graham Peacock. a1st ed. aCambridge, England :bC. U. P.,c2003. a64 p. 0aComputer science.@00000584801 aPeacock, Graham.@00000137041 9p500 KES a090217 @1 c3562d3562 00102lcc70aKABUbKABUd2015-12-17l0oQA76 .J472 c. 1p16643r2015-12-17 00:00:00w2015-12-17yBK